<?xml version="1.0" encoding="UTF-8"?><?xml-stylesheet type="text/xsl" href="static/style.xsl"?><OAI-PMH xmlns="http://www.openarchives.org/OAI/2.0/" xmlns:xsi="http://www.w3.org/2001/XMLSchema-instance" xsi:schemaLocation="http://www.openarchives.org/OAI/2.0/ http://www.openarchives.org/OAI/2.0/OAI-PMH.xsd"><responseDate>2026-04-28T19:34:02Z</responseDate><request verb="GetRecord" identifier="oai:uvadoc.uva.es:10324/40936" metadataPrefix="marc">https://uvadoc.uva.es/oai/request</request><GetRecord><record><header><identifier>oai:uvadoc.uva.es:10324/40936</identifier><datestamp>2021-06-30T02:59:50Z</datestamp><setSpec>com_10324_38</setSpec><setSpec>col_10324_852</setSpec></header><metadata><record xmlns="http://www.loc.gov/MARC21/slim" xmlns:doc="http://www.lyncode.com/xoai" xmlns:xsi="http://www.w3.org/2001/XMLSchema-instance" xmlns:dcterms="http://purl.org/dc/terms/" xsi:schemaLocation="http://www.loc.gov/MARC21/slim http://www.loc.gov/standards/marcxml/schema/MARC21slim.xsd">
<leader>00925njm 22002777a 4500</leader>
<datafield tag="042" ind1=" " ind2=" ">
<subfield code="a">dc</subfield>
</datafield>
<datafield tag="720" ind1=" " ind2=" ">
<subfield code="a">Sanmartín Sampedro, Fernando</subfield>
<subfield code="e">author</subfield>
</datafield>
<datafield tag="260" ind1=" " ind2=" ">
<subfield code="c">2020</subfield>
</datafield>
<datafield tag="520" ind1=" " ind2=" ">
<subfield code="a">En el presente estudio abordaremos el concepto de la publicidad denigratoria, de qué manera está legislada y con qué otras normas se encuentran relacionadas.  &#xd;
 &#xd;
Hay múltiples casos de la publicidad ilícita en el ordenamiento jurídico español, pero en este trabajo veremos algunos de los ejemplos más destacables en relación con la publicidad denigratoria. Además, analizaremos este tipo de publicidad a partir de diversas sentencias del Tribunal Supremo y resoluciones de Autocontrol.</subfield>
</datafield>
<datafield tag="024" ind2=" " ind1="8">
<subfield code="a">http://uvadoc.uva.es/handle/10324/40936</subfield>
</datafield>
<datafield ind1=" " ind2=" " tag="653">
<subfield code="a">Publicidad engañosa - Derecho</subfield>
</datafield>
<datafield ind1=" " ind2=" " tag="653">
<subfield code="a">Mensaje publicitario</subfield>
</datafield>
<datafield tag="245" ind1="0" ind2="0">
<subfield code="a">La publicidad denigratoria en España</subfield>
</datafield>
</record></metadata></record></GetRecord></OAI-PMH>